Languages: Countries from Turkish to English - Statistics

General Stats
  • This quiz has been taken 382 times
  • The average score is 13 of 16
Answer Stats
Country in Turkish And in English % Correct
İspanya Spain
98%
Hindistan India
97%
Polonya Poland
97%
Çin China
96%
Almanya Germany
94%
Belçika Belgium
88%
Kıbrıs Cyprus
86%
Yunanistan Greece
85%
Ermenistan Armenia
84%
Mısır Egypt
84%
Birleşik Devletler United States
79%
Avusturya Austria
74%
İsveç Sweden
71%
Gürcistan Georgia
68%
İsviçre Switzerland
68%
Cezayir Algeria
55%
No matching quizzes found
Score Distribution
Percent of People with Each Score
Percentile by Number Answered
Your Score History
You have not taken this quiz